<?xml version="1.0" encoding="UTF-8"?>
<collection xmlns="http://www.loc.gov/MARC21/slim">
 <record>
  <leader>00821nam a22002295a 4500</leader>
  <controlfield tag="001">EUN.um068928</controlfield>
  <controlfield tag="008">041125s2001####ag#a##########000#0#spa#d</controlfield>
  <controlfield tag="005">20260226111855.0</controlfield>
  <datafield tag="245" ind1="1" ind2="0">
   <subfield code="a">Caracterización morfológica y ultraestructural de Anabena circinalis proveniente del embalse Paso de las Piedras /</subfield>
   <subfield code="c">Universidad Nacional del Sur. Gimena Argañaraz Bonini.</subfield>
  </datafield>
  <datafield tag="260" ind1=" " ind2=" ">
   <subfield code="a">Bahía Blanca :</subfield>
   <subfield code="b">Universidad Nacional del Sur,</subfield>
   <subfield code="c">2001.</subfield>
  </datafield>
  <datafield tag="300" ind1=" " ind2=" ">
   <subfield code="a">42 h. :</subfield>
   <subfield code="b">il. ;</subfield>
   <subfield code="c">29,5 cm..</subfield>
  </datafield>
  <datafield tag="490" ind1="0" ind2=" ">
   <subfield code="a">Tesina</subfield>
  </datafield>
  <datafield tag="100" ind1="1" ind2=" ">
   <subfield code="a">Argañaraz Bonini, Gimena.</subfield>
  </datafield>
  <datafield tag="110" ind1="2" ind2=" ">
   <subfield code="a">Universidad Nacional del Sur</subfield>
   <subfield code="c">Bahía Blanca.</subfield>
  </datafield>
  <datafield tag="082" ind1="0" ind2="4">
   <subfield code="a">589.46</subfield>
  </datafield>
  <datafield tag="653" ind1=" " ind2=" ">
   <subfield code="a">Botanica</subfield>
  </datafield>
  <datafield tag="653" ind1=" " ind2=" ">
   <subfield code="a">Algas</subfield>
  </datafield>
  <datafield tag="653" ind1=" " ind2=" ">
   <subfield code="a">Morfologia</subfield>
  </datafield>
  <datafield tag="653" ind1=" " ind2=" ">
   <subfield code="a">Paso de las piedras</subfield>
  </datafield>
  <datafield tag="653" ind1=" " ind2=" ">
   <subfield code="a">Tesinas</subfield>
  </datafield>
  <datafield tag="653" ind1=" " ind2=" ">
   <subfield code="a">Uns</subfield>
  </datafield>
  <datafield tag="859" ind1=" " ind2=" ">
   <subfield code="a">AR-BaUNS</subfield>
   <subfield code="b">BIB. CENTRAL - Sector A</subfield>
   <subfield code="h">589.46</subfield>
   <subfield code="i">Ar36</subfield>
   <subfield code="p">129076/025</subfield>
   <subfield code="t">Ej.2</subfield>
  </datafield>
 </record>
</collection>
